Management. --7th ed. (Record no. 82377)

MARC details
000 -LEADER
fixed length control field 01443nam a2200229 a 4500
008 - FIXED-LENGTH DATA ELEMENTS--GENERAL INFORMATION
fixed length control field 081127s2002 ||||||||||||||||| || u
020 ## - INTERNATIONAL STANDARD BOOK NUMBER
International Standard Book Number 0618113606
050 ## - LIBRARY OF CONGRESS CALL NUMBER
Classification number HD 31 Gri
100 ## - MAIN ENTRY--PERSONAL NAME
Personal name Griffin, Ricky W
245 10 - TITLE STATEMENT
Title Management. --7th ed.
Statement of responsibility, etc. Ricky W. Griffin
250 ## - EDITION STATEMENT
Edition statement 7th ed.
260 ## - PUBLICATION, DISTRIBUTION, ETC.
Place of publication, distribution, etc. Boston
Name of publisher, distributor, etc. Houghton Mifflin
Date of publication, distribution, etc. 2002
300 ## - PHYSICAL DESCRIPTION
Extent xxxiv, 765p: ill.
350 ## -
-- 0.00
650 #0 - SUBJECT ADDED ENTRY--TOPICAL TERM
Topical term or geographic name entry element MANAGEMENT
995 ## -
-- ANNEX COLLECTION (Main Library)
-- 0.00
-- 738933
-- CBU-MAIN LIBRARY (Kitwe)
-- 1
-- 0.00
-- HD 31 GRI
-- 1
-- AVAILABLE
-- Nov 27, 2008
-- 738933
-- Annex Low-Usage Collection
995 ## -
-- ANNEX COLLECTION (Main Library)
-- 0.00
-- 738938
-- CBU-MAIN LIBRARY (Kitwe)
-- 1
-- 0.00
-- HD 31 GRI
-- 6
-- AVAILABLE
-- Nov 27, 2008
-- 738938
-- Annex Low-Usage Collection
995 ## -
-- MAIN LIBRARY OPEN ACCESS
-- 0.00
-- 738934
-- CBU-MAIN LIBRARY (Kitwe)
-- 1
-- 0.00
-- HD 31 GRI
-- 2
-- AVAILABLE
-- Nov 27, 2008
-- 738934
-- Main Library Open Access Collection
995 ## -
-- ANNEX COLLECTION (Main Library)
-- 0.00
-- 738935
-- CBU-MAIN LIBRARY (Kitwe)
-- 1
-- 0.00
-- HD 31 GRI
-- 3
-- AVAILABLE
-- Nov 27, 2008
-- 738935
-- Annex Low-Usage Collection
995 ## -
-- ANNEX COLLECTION (Main Library)
-- 0.00
-- 738936
-- CBU-MAIN LIBRARY (Kitwe)
-- 1
-- 0.00
-- HD 31 GRI
-- 4
-- AVAILABLE
-- Nov 27, 2008
-- 738936
-- Annex Low-Usage Collection
995 ## -
-- MAIN LIBRARY OPEN ACCESS
-- 0.00
-- 738937
-- CBU-MAIN LIBRARY (Kitwe)
-- 1
-- 0.00
-- HD 31 GRI
-- 5
-- AVAILABLE
-- Nov 27, 2008
-- 738937
-- Main Library Open Access Collection
999 ## -
-- 82377
-- 82377
Holdings
Withdrawn status Lost status Source of classification or shelving scheme Damaged status Not for loan Permanent Location Current Location Date acquired Full call number Barcode Date last seen Copy number Price effective from Koha item type Shelving location Total Checkouts
Withdrawn         CBU-MAIN LIBRARY, KITWE. CBU-MAIN LIBRARY, KITWE. 09/27/2023 HD 31 Gri 738933 09/27/2023 1 09/27/2023 MONOGRAPH    
          CBU-MAIN LIBRARY, KITWE. CBU-MAIN LIBRARY, KITWE. 09/27/2023 HD 31 Gri 738938 09/27/2023 2 09/27/2023 MONOGRAPH    
          CBU-MAIN LIBRARY, KITWE. CBU-MAIN LIBRARY, KITWE. 09/27/2023 HD 31 Gri 738934 05/21/2024 3 09/27/2023 MONOGRAPH    
          CBU-MAIN LIBRARY, KITWE. CBU-MAIN LIBRARY, KITWE. 09/27/2023 HD 31 Gri 738935 09/27/2023 4 09/27/2023 MONOGRAPH    
          CBU-MAIN LIBRARY, KITWE. CBU-MAIN LIBRARY, KITWE. 09/27/2023 HD 31 Gri 738936 09/27/2023 5 09/27/2023 MONOGRAPH    
          CBU-MAIN LIBRARY, KITWE. CBU-MAIN LIBRARY, KITWE. 09/27/2023 HD 31 Gri 738937 09/27/2023 6 09/27/2023 MONOGRAPH